000
00322nam a22001217a 4500
999
_c
15744
_d
15744
003
OSt
008
190926b ||||| |||| 00| 0 eng d
082
_a
664.80461 ARA/NA
100
_a
Aravindakshan,M.
_9
4285
245
_a
Nalikera samskaranavum vipanavum
260
_a
Kochi
_b
Coconut Development Board
_c
1996
942
_c
BK